00181nam a2200073Ia 4500008004100000050002000041100001800061245002800079230915s9999 xx 000 0 und d aHB 171.A58 2003 aANTELL,GERSON 0aECONOMICS FOR EVERYBODY